دراسات في السياسة والتاريخ : (Record no. 14233)
[ view plain ]
| 000 -الفاتح | |
|---|---|
| حقل البيانات ثابتة الطول | 01093nam a22001697a 4500 |
| 008 - عناصر البيانات ثابتة الطول - معلومات عامة | |
| حقل البيانات ثابتة الطول | 100627s1974 ts|||||r|||| 100 0 ara d |
| 082 ## - رقم تصنيف ديوى العشرى | |
| رقم الطبعة | 22 |
| رقم التصنيف | 327.0956 |
| رقم المادة | س ي ا |
| 110 ## - المدخل الرئيسى - إسم هيئة | |
| 9 (RLIN) | 15287 |
| اسم الهيئة أو اسم السلطة كمدخل | وزارة الخارجية.الامارات العربية المتحدة |
| 245 ## - بيان العنوان | |
| العنوان | دراسات في السياسة والتاريخ : |
| بقية العنوان | مجموعة من المحاضرات التي ألقيت في الندوة الدبلوماسية التي نظمتها وزارة خارجية دولة الامارات العربية المتحدة في أبو ظبي لعام 1973/1974 |
| 260 ## - PUBLICATION, DISTRIBUTION, ETC. (IMPRINT) | |
| مكان الناشر او الموزع | أبو ظبي : |
| اسم الناشر او الموزع | الوزارة، |
| تاريخ النشر أو التوزيع | [1974?] |
| 300 ## - الوصف المادى | |
| التعداد | 264 ص ؛ |
| أبعاد الوعاء | 24 سم |
| 541 ## - تبصرة المصدر المباشر للتزويد | |
| مصدر التزويد | جمعية الرعاية المتكاملة ؛ |
| طريقة التزويد | إهداء ؛ |
| 651 ## - المدخل الاضافى بالموضوع - اسم جغرافى | |
| 9 (RLIN) | 13700 |
| الاسم الجغرافي | العالم العربي |
| التقسيم الفرعي العام | الأحوال السياسية |
| 651 ## - المدخل الاضافى بالموضوع - اسم جغرافى | |
| 9 (RLIN) | 15286 |
| الاسم الجغرافي | العالم العربي |
| التقسيم الفرعي العام | علاقات خارجية |
| 942 ## - عناصر المدخل الإضافي( كوها) | |
| مصدر التصنيف او مخطط الترفيف | Dewey Decimal Classification |
| Koha [default] item type | Book - Borrowing |
| حالة التراجع | حالة الفقد | مصدر التصنيف او خطة الترفيف | حالة تلف | ليس للاعارة | مجموعات كوها | المكان الدائم | المكان الحالي | موقع الترفيف | تاريخ الاكتساب | Source of acquisition | رقم الاستدعاء | الباركود | Date last seen | نوع الوعاء |
|---|---|---|---|---|---|---|---|---|---|---|---|---|---|---|
| Dewey Decimal Classification | Central Library | Central Library | First floor | 27/06/2010 | Donation | 327.0956 وزا | 000021220 | 15/07/2025 | Book - Borrowing |